000 00748nam a2200253Ia 4500
003 OSt
005 20221005073236.0
006 a|||||r|||| 00| 0
007 ta
008 221004b |||||||| |||| 00| 0 eng d
020 _a8187458135
_c290
024 _a86405
037 _b2499, 29/03/2007, K K Publications
_cTextual
040 _aCRL
_cCRL
_beng
041 _2eng
_aeng
082 _aV2:25xM69:g(V6), P6
100 _aNauriya Anil
_9607854
245 0 _aAfrican element in Gandhi
260 _aNew Delhi
_bGyan Publishing House India
_c2006
300 _a116p.
_ccm.
650 _aHISTORY
942 _hV2:25xM69:g(V6), P6
_cTEXL
_2cc
999 _c980811
_d980811